000 00435nam a2200181Ia 4500
001 25025
005 20260414151122.0
008 260414t1995||||xx |||||||||||||| ||spa||
041 _aESP
082 _a346.1
_bR91
100 _aRubio Correa, Marcial
_eAUT
245 0 _aEl ser humano como persona natural
_b
260 _c1995
300 _a213 páginas :
_c21 cm.
650 _aDER
654 _aCDE
942 _cLIB
_dJUS
_fJUS
_2ddc
_n
999 _c25025
_d25025